| 000 | 00852nam a22002057a 4500 | ||
|---|---|---|---|
| 999 |
_c1489 _d1489 |
||
| 003 | AR-CdUCM | ||
| 008 | 190227b ||||| |||| 00| 0 spa d | ||
| 020 | _a8486791170 | ||
| 040 |
_aMUNICIPALIDAD PROVINCIAL DEL CUSCO _cBIBLIOTECA MUNICIPAL DEL CUSCO |
||
| 082 |
_a324.09 / _bF96 |
||
| 110 |
_aFundación Friedrich Ebert _95639 |
||
| 245 | _aTransición política y consolidación democrática en el cono sur Latinoamericano / | ||
| 260 |
_aMadrid : _bGraficas Geranios , _c1991. |
||
| 440 |
_aDocumentos y estudios _n72 _95640 |
||
| 505 | _aProgramas y proyectos de la CEE y España en America Latina -- La difícil salida: Argentina -- Continuismo y ruptura: el caso Chileno --El inicio de la democracia... | ||
| 650 |
_aAmérica Latina. _91130 |
||
| 650 |
_aPolítica en América Latina. _95641 |
||
| 942 |
_2ddc _cLIBROS |
||
| 945 |
_awfj _d2019-02-27 |
||